Testigos de la Historia (Record no. 184524)
[ view plain ]
| 000 -LEADER | |
|---|---|
| campo de control de longitud fija | 01271nam a2200289 i 4500 |
| 001 - NÚMERO DE CONTROL | |
| campo de control | 184524 |
| 003 - IDENTIFICADOR DE NÚMERO DE CONTROL | |
| campo de control | ES-MaACL |
| 005 - FECHA Y HORA DE LA ÚLTIMA TRANSACCIÓN | |
| campo de control | 20231119162239.0 |
| 008 - DATOS DE LONGITUD FIJA--INFORMACIÓN GENERAL | |
| campo de control de longitud fija | 151007m20102013sp a |||| | spa d |
| 020 ## - NÚMERO INTERNACIONAL ESTÁNDAR DEL LIBRO | |
| Número Internacional Estándar del Libro | 978-84-87369-46-9 (v. 1) |
| 080 ## - NÚMERO DE LA CLASIFICACIÓN DECIMAL UNIVERSAL | |
| Número de la Clasificación Decimal Universal | 930.25(460) |
| 245 00 - MENCIÓN DEL TÍTULO | |
| Título | Testigos de la Historia |
| Resto del título | : estudios sobre fuentes documentales / |
| Mención de responsabilidad, etc. | [v.1] coordinado por Florentina Vidal Galache ; Antonia Durán Herrera ... [et al.] ; [v. 2] coordinado por María Concepción Ybarra Enríquez de la Orden ; Alicia Alted Vigil ... [et al.]. |
| 250 ## - MENCION DE EDICION | |
| Mención de edición | 1ª reimp. |
| 260 ## - PUBLICACIÓN, DISTRIBUCIÓN, ETC. | |
| Lugar de publicación, distribución, etc. | [Madrid] : |
| Nombre del editor, distribuidor, etc. | Fundación Carlos de Amberes, |
| Fecha de publicación, distribución, etc. | 2010-2013. |
| 300 ## - DESCRIPCIÓN FÍSICA | |
| Extensión | 2 v. (214, 215 p.) : |
| Otras características físicas | il. ; |
| Dimensiones | 24 cm. |
| 504 ## - NOTA DE BIBLIOGRAFÍA, ETC. | |
| Nota de bibliografía, etc. | Referencias bibliográficas. |
| 650 #7 - PUNTO DE ACCESO ADICIONAL DE MATERIA--TÉRMINO DE MATERIA | |
| Término de materia o nombre geográfico como elemento de entrada | Recursos archivísticos- |
| Subdivisión geográfica | España. |
| 9 (RLIN) | 157851 |
| 651 #4 - PUNTO DE ACCESO ADICIONAL DE MATERIA--NOMBRE GEOGRÁFICO | |
| Nombre geográfico | España- |
| Subdivisión general | Historia- |
| Subdivisión de forma | Fuentes. |
| 9 (RLIN) | 8345 |
| 700 1# - ENTRADA AGREGADA--NOMBRE PERSONAL | |
| Nombre de persona | Durán Herrera, María Antonia. |
| 9 (RLIN) | 157853 |
| 700 1# - ENTRADA AGREGADA--NOMBRE PERSONAL | |
| Nombre de persona | Alted Vigil, Alicia. |
| 9 (RLIN) | 20528 |
| 700 1# - ENTRADA AGREGADA--NOMBRE PERSONAL | |
| Nombre de persona | Vidal Galache, Florentina. |
| 9 (RLIN) | 157066 |
| 700 1# - ENTRADA AGREGADA--NOMBRE PERSONAL | |
| Nombre de persona | Ybarra Enríquez de la Orden, María Concepción. |
| 9 (RLIN) | 157852 |
| 852 ## - LOCALIZACIÓN | |
| Ubicación | ES-MaACL |
| Número de control de estantería | A-13575 |
| Designación de la unidad física | v.1 |
| itemnumber | 191523 |
| Sublocalización o colección | R.150739 |
| Ubicación en estantería | Depósito 1 |
| Signatura antigua | Olim: N-6575 |
| 852 ## - LOCALIZACIÓN | |
| Ubicación | ES-MaACL |
| Número de control de estantería | A-13576 |
| Designación de la unidad física | v.2 |
| itemnumber | 200860 |
| Sublocalización o colección | 150740 |
| Ubicación en estantería | Depósito 1 |
| Signatura antigua | Olim: N-6576 |
| 942 ## - ELEMENTOS DE ENTRADA SECUNDARIOS (KOHA) | |
| Fuente del sistema de clasificación o colocación | Clasificación decimal universal |
| Tipo de ítem Koha | Libro impreso |
| Estatus retirado | Estado de pérdida | Fuente del sistema de clasificación o colocación | Estado de daño | No para préstamo | Biblioteca de origen | Biblioteca actual | Ubicación en estantería | Fecha de adquisición | Fuente de adquisición | Enumeración/cronología de publicación seriada | Total de préstamos | Signatura topográfica completa | Código de barras | Visto por última vez | Precio de reemplazo | Tipo de ítem Koha |
|---|---|---|---|---|---|---|---|---|---|---|---|---|---|---|---|---|
| Clasificación decimal universal | Biblioteca del Ateneo de Madrid | Biblioteca del Ateneo de Madrid | Depósito 1 | 07/10/2015 | Donación | v.1 | A-13575 | 1194227 | 23/02/2023 | 23/02/2023 | Libro impreso | |||||
| Clasificación decimal universal | Biblioteca del Ateneo de Madrid | Biblioteca del Ateneo de Madrid | Depósito 1 | 07/10/2015 | Donación | v.2 | A-13576 | 19/11/2023 | 23/02/2023 | Libro impreso |
